|
|
|
|
| LEADER |
00000nam a2200000 a 4500 |
| 001 |
vtls009093326 |
| 003 |
SK-MaSNL |
| 005 |
20260301210414.0 |
| 008 |
240314s2007 xo o f 001 0 cze |
| 015 |
|
|
|a SNBA2007/10-04603
|
| 020 |
|
|
|a 9788080463618
|q (viaz.)
|
| 035 |
|
|
|a EC632983-A900-400E-A676-CBF6773A6FEF
|
| 035 |
|
|
|a urn:nbn:sk:snk-amjv9a
|
| 035 |
|
|
|a urn:nbn:sk:snk-am0084co
|
| 040 |
|
|
|a SNK
|b slo
|c SNK
|e AACR2
|
| 041 |
1 |
|
|a cze
|h eng
|
| 044 |
|
|
|a xo
|c SK
|
| 072 |
|
7 |
|a 613
|x Hygiena. Ľudské zdravie
|2 konspekt
|
| 072 |
|
7 |
|a 618
|x Gynekológia. Pôrodníctvo
|2 konspekt
|
| 080 |
|
|
|a 613.952/.954
|2 2001
|
| 080 |
|
|
|a 612.63
|2 2001
|
| 080 |
|
|
|a 618.2/.3
|2 2001
|
| 080 |
|
|
|a (035)
|2 2001
|
| 100 |
1 |
|
|a Fenwick, Elizabeth,
|d 1935-
|4 aut
|9 87595
|
| 240 |
1 |
4 |
|a The complete book of mother and baby care
|l Česky
|
| 245 |
1 |
0 |
|a Velká kniha o matce a dítěti
|c Elizabeth Fenwicková ; [z anglického originálu přeložily Věra Kratochvílová a Dagmar Eisenmannová]
|
| 250 |
|
|
|a 13. zcela přeprac. vyd.
|
| 260 |
|
|
|a Bratislava
|b Perfekt
|c 2007
|
| 300 |
|
|
|a 263 s.
|b fareb. fotogr.
|c 29 cm
|
| 500 |
|
|
|a Reg.
|
| 500 |
|
|
|a A dorling kindersley book
|
| 650 |
0 |
7 |
|a starostlivosť o dieťa
|2 SNKPH
|9 2563
|
| 650 |
0 |
7 |
|a tehotenstvo
|2 SNKPH
|9 2477
|
| 655 |
|
7 |
|a príručky
|2 SNKPH
|9 74364
|
| 700 |
1 |
|
|a Kratochvílová, Věra
|4 trl
|9 45009
|
| 700 |
1 |
|
|a Eisenmannová, Dagmar,
|d 1954-
|4 trl
|9 43584
|
| 919 |
|
|
|a 978-80-8046-361-8
|
| 958 |
|
|
|a OP
|
| 958 |
|
|
|a MI
|
| 958 |
|
|
|a CZ
|
| 958 |
|
|
|a NM
|
| 968 |
|
|
|a Čes
|b ENG
|d 61
|
| 999 |
|
|
|c 913513
|d 915443
|
| 952 |
|
|
|a SNK
|b SNK
|y PREZ
|7 0
|p 17A0561225
|o snkSB 74886
|i snk2007/20344
|8 0
|0 0
|1 0
|4 0
|d 2007-09-11
|f 1
|l 0
|r 2025-04-25 00:00:00
|w 2026-02-24
|
| 952 |
|
|
|a SNK
|b SNK
|y VYP
|7 0
|p 17A0561224
|o snkSB 74886 D1
|i snk2007/20345
|8 0
|0 0
|1 0
|4 0
|d 2007-09-11
|l 0
|r 2016-06-30 00:00:00
|w 2026-02-24
|